[Event "DSJ Weihnachtsturnier U20 2020"]
[Site "https://play.chessbase.com/en/play?room=DSJWeihnachtU20"]
[Date "2020.12.29"]
[Round "7"]
[White "Gallasch, Jonas"]
[Black "Eull, Emil"]
[Result "1-0"]
[Termination "normal"]
[Board "2.3"]
[WhiteElo "2112"]
[BlackElo "1662"]
[WhiteTeam "Schachgemeinschaft Porz"]
[BlackTeam "SF Neuberg"]
[PlyCount "71"]
[WhiteFideId "16222474"]
[BlackFideId "16253809"]
[EventRounds "7"]
[EventType "team-swiss"]
[EventDate "2020.12.29"]

1. d4 {[%emt 0:00:00]} g6 {[%emt 0:00:06]} 2. Nf3 {[%emt 0:00:05]} Bg7 { [%emt
0:00:03]} 3. e4 {[%emt 0:00:01]} d6 {[%emt 0:00:02]} 4. Bc4 {[%emt 0:00:01]} e6
{[%emt 0:00:01]} 5. Nc3 {[%emt 0:00:02]} Ne7 {[%emt 0:00:01]} 6. Be3 { [%emt
0:00:03]} a6 {[%emt 0:00:01]} 7. a4 {[%emt 0:00:03]} Nd7 {[%emt 0:00:03]} 8.
Qd2 {[%emt 0:00:06]} h6 {[%emt 0:00:45]} 9. O-O {[%emt 0:00:22]} g5 { [%emt
0:00:14]} 10. h3 {[%emt 0:00:42]} Ng6 {[%emt 0:00:06]} 11. Ne2 {[%emt 0:00:06]}
O-O {[%emt 0:00:13]} 12. Ng3 {[%emt 0:00:08]} Nf6 {[%emt 0:00:44]} 13. Bd3
{[%emt 0:00:14]} e5 {[%emt 0:00:23]} 14. dxe5 {[%emt 0:00:30]} dxe5 { [%emt
0:00:16]} 15. Rfd1 {[%emt 0:00:02]} b6 {[%emt 0:00:22]} 16. a5 {[%emt 0:00:47]}
b5 {[%emt 0:00:32]} 17. Qb4 {[%emt 0:00:05]} Bd7 {[%emt 0:01:56]} 18. c4 {[%emt
0:00:47]} Re8 {[%emt 0:00:37]} 19. cxb5 {[%emt 0:00:57]} axb5 { [%emt 0:00:09]}
20. Bxb5 {[%emt 0:01:40]} Rb8 {[%emt 0:00:29]} 21. Rxd7 { [%emt 0:00:07]} Nxd7
{[%emt 0:00:22]} 22. Qa4 {[%emt 0:00:02]} Re7 {[%emt 0:00:43]} 23. Rd1 {[%emt
0:00:17]} Ngf8 {[%emt 0:01:05]} 24. Nf5 {[%emt 0:00:06]} c6 {[%emt 0:00:20]}
25. Bxc6 {[%emt 0:00:20]} Re6 {[%emt 0:00:17]} 26. Bxd7 { [%emt 0:00:16]} Nxd7
{[%emt 0:00:27]} 27. Rxd7 {[%emt 0:00:03]} Qe8 {[%emt 0:00:15]} 28. Qd1 {[%emt
0:00:52]} Kh7 {[%emt 0:00:10]} 29. Nxg5+ {[%emt 0:00:51] } hxg5 {[%emt
0:00:02]} 30. Qh5+ {[%emt 0:00:01]} Kg8 {[%emt 0:00:07]} 31. Qxg5 {[%emt
0:00:01]} Rg6 {[%emt 0:00:02]} 32. Ne7+ {[%emt 0:00:01]} Kh7 {[%emt 0:00:06]}
33. Qh5+ {[%emt 0:00:12]} Bh6 {[%emt 0:00:03]} 34. Nxg6 {[%emt 0:00:05] } Qxd7
{[%emt 0:00:05]} 35. Qxh6+ {[%emt 0:00:02]} Kg8 {[%emt 0:00:00]} 36. Qh8#
{[%emt 0:00:01]} 1-0

[Event "DSJ Weihnachtsturnier U20 2020"]
[Site "https://play.chessbase.com/en/play?room=DSJWeihnachtU20"]
[Date "2020.12.29"]
[Round "7"]
[White "Kolzenburg, Jan Niklas"]
[Black "Fieberg, Samuel"]
[Result "0-1"]
[Termination "time forfeit"]
[Board "2.4"]
[BlackTitle "FM"]
[WhiteElo "1671"]
[BlackElo "2180"]
[WhiteTeam "SF Neuberg"]
[BlackTeam "Schachgemeinschaft Porz"]
[PlyCount "88"]
[WhiteFideId "16274830"]
[BlackFideId "12901717"]
[EventRounds "7"]
[EventType "team-swiss"]
[EventDate "2020.12.29"]

1. e4 {[%emt 0:00:09]} c5 {[%emt 0:00:02]} 2. d3 {[%emt 0:00:06]} Nc6 {[%emt
0:00:02]} 3. f4 {[%emt 0:00:02]} d5 {[%emt 0:00:02]} 4. Be2 {[%emt 0:00:04]}
Nd4 {[%emt 0:00:29]} 5. Nc3 {[%emt 0:00:30]} e6 {[%emt 0:00:11]} 6. Nf3 {[%emt
0:00:20]} Nxe2 {[%emt 0:00:02]} 7. Qxe2 {[%emt 0:00:11]} Ne7 {[%emt 0:00:27]}
8. O-O {[%emt 0:00:13]} d4 {[%emt 0:00:15]} 9. Nd1 {[%emt 0:00:27]} g6 {[%emt
0:00:02]} 10. Nf2 {[%emt 0:00:27]} Bg7 {[%emt 0:00:04]} 11. g4 {[%emt 0:00:43]}
h5 {[%emt 0:00:25]} 12. gxh5 {[%emt 0:01:53]} Rxh5 {[%emt 0:00:05]} 13. Kh1 {
[%emt 0:00:32]} Bd7 {[%emt 0:01:09]} 14. Ng4 {[%emt 0:00:30]} Qc7 {[%emt
0:00:37]} 15. Nfe5 {[%emt 0:00:12]} Rh7 {[%emt 0:01:51]} 16. Bd2 {[%emt
0:01:01]} f6 {[%emt 0:00:14]} 17. Nxd7 {[%emt 0:00:09]} Qxd7 {[%emt 0:00:00]}
18. Rae1 { [%emt 0:00:15]} O-O-O {[%emt 0:00:17]} 19. b4 {[%emt 0:00:42]} Rdh8
{[%emt 0:00:09]} 20. bxc5 {[%emt 0:00:23]} f5 {[%emt 0:00:16]} 21. Ne5 {[%emt
0:00:13]} Bxe5 {[%emt 0:00:10]} 22. fxe5 {[%emt 0:00:00]} Rxh2+ {[%emt
0:00:19]} 23. Qxh2 {[%emt 0:00:02]} Rxh2+ {[%emt 0:00:00]} 24. Kxh2 {[%emt
0:00:00]} Nc6 {[%emt 0:00:02]} 25. Bf4 {[%emt 0:00:24]} Qh7+ {[%emt 0:00:04]
Neuberg004 offers a draw} 26. Kg3 {[%emt 0:00:13]} Qh5 {[%emt 0:00:08]} 27. Rf2
{[%emt 0:00:54]} Qg4+ { [%emt 0:00:08]} 28. Kh2 {[%emt 0:00:02]} g5 {[%emt
0:00:08]} 29. Bd2 {[%emt 0:00:15]} f4 {[%emt 0:00:09]} 30. Rg1 {[%emt 0:00:03]}
Qh4+ {[%emt 0:00:01]} 31. Kg2 {[%emt 0:00:01]} Nxe5 {[%emt 0:00:04]} 32. Kf1
{[%emt 0:00:04]} Qh3+ { [%emt 0:00:08]} 33. Ke1 {[%emt 0:00:04]} Nf3+ {[%emt
0:00:05]} 34. Rxf3 { [%emt 0:00:01]} Qxf3 {[%emt 0:00:00]} 35. Rxg5 {[%emt
0:00:01]} Qh1+ {[%emt 0:00:03]} 36. Ke2 {[%emt 0:00:05]} f3+ {[%emt 0:00:04]}
37. Kf2 {[%emt 0:00:03]} Qh2+ {[%emt 0:00:03]} 38. Kxf3 {[%emt 0:00:01]} Qxd2
{[%emt 0:00:03]} 39. Rg8+ {[%emt 0:00:01]} Kd7 {[%emt 0:00:02]} 40. Rg7+ {[%emt
0:00:01]} Kc6 {[%emt 0:00:01]} 41. Re7 {[%emt 0:00:01]} Qe3+ {[%emt 0:00:04]}
42. Kg4 {[%emt 0:00:02]} Qh6 {[%emt 0:00:02]} 43. a4 {[%emt 0:00:08]} a5 {[%emt
0:00:03]} 44. Kf3 { [%emt 0:00:01]} Qf6+ {[%emt 0:00:02] TimeW} 0-1

[Event "DSJ Weihnachtsturnier U20 2020"]
[Site "https://play.chessbase.com/en/play?room=DSJWeihnachtU20"]
[Date "2020.12.29"]
[Round "7"]
[White "Mohammadi Nia, Borna"]
[Black "Kölle, Tobias"]
[Result "1-0"]
[Termination "normal"]
[Board "3.1"]
[BlackTitle "FM"]
[WhiteElo "2079"]
[BlackElo "2340"]
[WhiteTeam "Schachgemeinschaft Porz 2"]
[BlackTeam "TSV Schönaich"]
[PlyCount "117"]
[WhiteFideId "16207319"]
[BlackFideId "16207378"]
[EventRounds "7"]
[EventType "team-swiss"]
[EventDate "2020.12.29"]

1. e4 {[%emt 0:00:09]} e5 {[%emt 0:00:05]} 2. Nf3 {[%emt 0:00:04]} Nc6 { [%emt
0:00:03]} 3. Bb5 {[%emt 0:00:02]} a6 {[%emt 0:00:13]} 4. Ba4 {[%emt 0:00:03]}
Nf6 {[%emt 0:00:07]} 5. O-O {[%emt 0:00:07]} b5 {[%emt 0:00:01]} 6. Bb3 { [%emt
0:00:03]} Be7 {[%emt 0:00:00]} 7. Re1 {[%emt 0:00:03]} O-O {[%emt 0:00:04]} 8.
a4 {[%emt 0:00:02]} Bb7 {[%emt 0:00:04]} 9. axb5 {[%emt 0:00:05]} axb5 {[%emt
0:00:00]} 10. Rxa8 {[%emt 0:00:02]} Bxa8 {[%emt 0:00:01]} 11. d3 { [%emt
0:00:01]} h6 {[%emt 0:00:03]} 12. Nc3 {[%emt 0:00:02]} b4 {[%emt 0:00:02] } 13.
Nd5 {[%emt 0:00:02]} Na5 {[%emt 0:00:16]} 14. Nxe5 {[%emt 0:00:12]} Nxb3 {[%emt
0:00:05]} 15. cxb3 {[%emt 0:00:03]} Nxd5 {[%emt 0:00:05]} 16. exd5 { [%emt
0:00:00]} Bxd5 {[%emt 0:00:18]} 17. Nc4 {[%emt 0:00:06]} Bf6 {[%emt 0:00:06]}
18. Bd2 {[%emt 0:00:10]} Qa8 {[%emt 0:00:30]} 19. Bxb4 {[%emt 0:00:18]} Rb8
{[%emt 0:00:10]} 20. Bc3 {[%emt 0:00:10]} Bxc3 {[%emt 0:00:07]} 21. bxc3 {
[%emt 0:00:02]} Bxg2 {[%emt 0:00:01]} 22. Qg4 {[%emt 0:00:28]} Bc6 {[%emt
0:00:12]} 23. b4 {[%emt 0:00:05]} Re8 {[%emt 0:00:06]} 24. Rxe8+ {[%emt
0:00:25]} Qxe8 {[%emt 0:00:00]} 25. Ne3 {[%emt 0:00:03]} Qa8 {[%emt 0:00:23]}
26. Qd1 { [%emt 0:00:44]} Qa3 {[%emt 0:00:10]} 27. Qe1 {[%emt 0:00:09]} Qb3
{[%emt 0:00:13]} 28. Nf5 {[%emt 0:00:08]} Kh7 {[%emt 0:00:06]} 29. Nd4 {[%emt
0:00:13]} Qd5 {[%emt 0:00:57]} 30. Nxc6 {[%emt 0:00:03]} Qg5+ {[%emt 0:02:30]}
31. Kf1 { [%emt 0:00:10]} dxc6 {[%emt 0:00:02]} 32. Qe4+ {[%emt 0:00:15]} f5
{[%emt 0:00:05]} 33. Qxc6 {[%emt 0:01:02]} Qc1+ {[%emt 0:00:04]} 34. Kg2 {[%emt
0:00:24]} Qg5+ {[%emt 0:00:03]} 35. Kf3 {[%emt 0:00:09]} Qg4+ {[%emt 0:00:17]}
36. Ke3 { [%emt 0:00:02]} Qg1 {[%emt 0:00:40] Schoenai001 bietet Remis} 37.
Qxc7 { [%emt 0:00:28]} Qe1+ {[%emt 0:00:07]} 38. Kf3 {[%emt 0:00:48]} Qd1+
{[%emt 0:00:12]} 39. Kg2 {[%emt 0:00:14]} Qxd3 {[%emt 0:00:07]} 40. Qe5 {[%emt
0:00:05]} f4 {[%emt 0:00:39]} 41. b5 {[%emt 0:00:31]} Qd1 {[%emt 0:01:00]} 42.
h3 { [%emt 0:01:24]} g5 {[%emt 0:00:27]} 43. Qe4+ {[%emt 0:00:28]} Kg8 {[%emt
0:00:05]} 44. b6 {[%emt 0:00:32]} g4 {[%emt 0:00:17]} 45. Qg6+ {[%emt 0:00:10]}
Kf8 {[%emt 0:00:05]} 46. Qxg4 {[%emt 0:00:09]} Qd5+ {[%emt 0:00:08]} 47. Qf3 {
[%emt 0:00:06]} Qg5+ {[%emt 0:00:06]} 48. Kh2 {[%emt 0:00:08]} Qb5 {[%emt
0:00:02]} 49. b7 {[%emt 0:00:06]} Qe5 {[%emt 0:00:07]} 50. c4 {[%emt 0:00:07]}
h5 { [%emt 0:00:01]} 51. c5 {[%emt 0:00:03]} h4 {[%emt 0:00:01]} 52. c6 {[%emt
0:00:02]} Ke7 {[%emt 0:00:01]} 53. Qa3+ {[%emt 0:00:11]} Kf7 {[%emt 0:00:04]}
54. Qb3+ {[%emt 0:00:03]} Kg7 {[%emt 0:00:02]} 55. b8=Q {[%emt 0:00:01]} f3+ {
[%emt 0:00:01]} 56. Qxe5+ {[%emt 0:00:02]} Kh6 {[%emt 0:00:03]} 57. Qbe3+ {
[%emt 0:00:01]} Kg6 {[%emt 0:00:01]} 58. Q3g5+ {[%emt 0:00:01]} Kh7 {[%emt
0:00:00]} 59. Qeg7# {[%emt 0:00:01]} 1-0

[Event "DSJ Weihnachtsturnier U20 2020"]
[Site "https://play.chessbase.com/en/play?room=DSJWeihnachtU20"]
[Date "2020.12.29"]
[Round "7"]
[White "Richter, Nils"]
[Black "Ramien, David"]
[Result "0-1"]
[Termination "time forfeit"]
[Board "3.2"]
[WhiteTitle "FM"]
[WhiteElo "2294"]
[BlackElo "2181"]
[WhiteTeam "TSV Schönaich"]
[BlackTeam "Schachgemeinschaft Porz 2"]
[PlyCount "110"]
[WhiteFideId "12990809"]
[BlackFideId "12948241"]
[EventRounds "7"]
[EventType "team-swiss"]
[EventDate "2020.12.29"]

1. e4 {[%emt 0:00:08]} c5 {[%emt 0:00:06]} 2. Nf3 {[%emt 0:00:02]} d6 {[%emt
0:00:04]} 3. Bb5+ {[%emt 0:00:08]} Nd7 {[%emt 0:00:03]} 4. O-O {[%emt 0:00:05]}
a6 {[%emt 0:00:02]} 5. Bd3 {[%emt 0:00:01]} Ngf6 {[%emt 0:00:02]} 6. c3 { [%emt
0:00:01]} g6 {[%emt 0:00:16]} 7. Bc2 {[%emt 0:00:02]} Bg7 {[%emt 0:00:01] } 8.
d4 {[%emt 0:00:02]} cxd4 {[%emt 0:00:01]} 9. cxd4 {[%emt 0:00:02]} O-O { [%emt
0:00:01]} 10. Nc3 {[%emt 0:00:02]} b5 {[%emt 0:00:04]} 11. a3 {[%emt 0:00:08]}
Bb7 {[%emt 0:00:03]} 12. Re1 {[%emt 0:00:03]} Rc8 {[%emt 0:00:03]} 13. h3
{[%emt 0:00:11]} Nb6 {[%emt 0:00:35]} 14. Bf4 {[%emt 0:00:09]} Nc4 {[%emt
0:00:06]} 15. Bc1 {[%emt 0:00:52]} Qc7 {[%emt 0:00:47]} 16. Bd3 {[%emt
0:00:04]} Qb8 {[%emt 0:00:10]} 17. Nd2 {[%emt 0:00:14]} Qa8 {[%emt 0:00:15]}
18. Nxc4 { [%emt 0:00:06]} bxc4 {[%emt 0:00:02]} 19. Bc2 {[%emt 0:00:01]} Rfd8
{[%emt 0:00:33]} 20. Bg5 {[%emt 0:00:19]} h6 {[%emt 0:00:08]} 21. Bf4 {[%emt
0:00:11]} Qa7 {[%emt 0:00:46]} 22. Be3 {[%emt 0:00:08]} Qa8 {[%emt 0:00:40]}
23. f3 { [%emt 0:00:03]} Bc6 {[%emt 0:00:21]} 24. Qd2 {[%emt 0:00:02]} Kh7
{[%emt 0:00:03]} 25. Qf2 {[%emt 0:00:07]} Rb8 {[%emt 0:01:36]} 26. Rad1 {[%emt
0:00:16]} Qb7 {[%emt 0:00:24]} 27. Bc1 {[%emt 0:00:16]} Ne8 {[%emt 0:00:07]}
28. h4 { [%emt 0:00:08]} h5 {[%emt 0:00:17]} 29. Kh1 {[%emt 0:00:58] Porz2-002
reconnected. TimeB Restarted B (13.22e) White restart ok. OK} Qb6 {[%emt
0:00:02]} 30. f4 {[%emt 0:00:49]} Nf6 {[%emt 0:00:09]} 31. f5 {[%emt 0:00:18]}
Ng4 { [%emt 0:00:06]} 32. Qg1 {[%emt 0:00:08]} gxf5 {[%emt 0:01:27]} 33. exf5 {
[%emt 0:00:08]} Bf6 {[%emt 0:00:02]} 34. Ne4 {[%emt 0:00:26]} Rg8 {[%emt
0:00:11]} 35. Nxf6+ {[%emt 0:00:04]} Nxf6 {[%emt 0:00:01]} 36. Qe3 {[%emt
0:00:52]} Bxg2+ {[%emt 0:00:08]} 37. Kg1 {[%emt 0:00:11]} Bh3+ {[%emt 0:00:08]}
38. Kh1 { [%emt 0:00:03]} Qb7+ {[%emt 0:00:06]} 39. d5 {[%emt 0:00:02]} Bg2+
{[%emt 0:00:06]} 40. Kg1 {[%emt 0:00:03]} Bxd5+ {[%emt 0:00:05]} 41. Kf1 {[%emt
0:00:04]} Bg2+ {[%emt 0:00:02]} 42. Ke2 {[%emt 0:00:03]} Ng4 {[%emt 0:00:02]}
43. f6+ { [%emt 0:00:07]} Kh8 {[%emt 0:00:05]} 44. Qc3 {[%emt 0:00:29]} e5
{[%emt 0:00:09]} 45. Rg1 {[%emt 0:00:31]} d5 {[%emt 0:00:20]} 46. Rxg2 {[%emt
0:00:20]} d4 {[%emt 0:00:01]} 47. Qh3 {[%emt 0:01:00]} d3+ {[%emt 0:00:17]} 48.
Bxd3 { [%emt 0:00:01]} cxd3+ {[%emt 0:00:00]} 49. Rxd3 {[%emt 0:00:01]} Qe4+
{[%emt 0:00:02]} 50. Kd2 {[%emt 0:00:17]} Qf4+ {[%emt 0:00:02]} 51. Kc2 {[%emt
0:00:12]} Rbc8+ {[%emt 0:00:01]} 52. Rc3 {[%emt 0:00:02]} Qe4+ {[%emt 0:00:02]}
53. Kb3 { [%emt 0:00:17]} Rxc3+ {[%emt 0:00:02]} 54. bxc3 {[%emt 0:00:17]} Rb8+
{[%emt 0:00:02]} 55. Ka2 {[%emt 0:00:01]} Qb1# {[%emt 0:00:01]} 0-1

[Event "DSJ Weihnachtsturnier U20 2020"]
[Site "https://play.chessbase.com/en/play?room=DSJWeihnachtU20"]
[Date "2020.12.29"]
[Round "7"]
[White "Gallasch, Robin"]
[Black "Brunner, Jan"]
[Result "0-1"]
[Termination "normal"]
[Board "3.3"]
[WhiteElo "2067"]
[BlackElo "2167"]
[WhiteTeam "Schachgemeinschaft Porz 2"]
[BlackTeam "TSV Schönaich"]
[PlyCount "60"]
[WhiteFideId "16222423"]
[BlackFideId "12981010"]
[EventRounds "7"]
[EventType "team-swiss"]
[EventDate "2020.12.29"]

1. d4 {[%emt 0:00:41]} Nf6 {[%emt 0:00:04]} 2. c4 { [%emt 0:00:01]} e6 {[%emt
0:00:02]} 3. Nf3 {[%emt 0:00:01]} d5 {[%emt 0:00:02] Porz2-003 received Ill
MvData=3. e7-e6 (218cs) Porz2-003 kibitzing!?} 4. g3 { [%emt 0:00:05]} Be7
{[%emt 0:00:01]} 5. Bg2 {[%emt 0:00:02]} O-O {[%emt 0:00:00] Porz2-003 received
Ill MvData=7. f8-e7 (111cs)} 6. O-O {[%emt 0:00:02] Porz2-003 received Ill
MvData=9. e8-g8 (43cs) Porz2-003 reconnected.} dxc4 { [%emt 0:00:11]} 7. Ne5
{[%emt 0:00:02] Porz2-003 received Ill MvData=11. d5-c4 (1071cs)} Nc6 {[%emt
0:00:16]} 8. Nxc6 {[%emt 0:00:02]} bxc6 {[%emt 0:00:00] Porz2-003 received Ill
MvData=13. b8-c6 (1593cs)} 9. Na3 {[%emt 0:00:03] Porz2-003 kibitzing!?} Bxa3
{[%emt 0:00:08]} 10. bxa3 {[%emt 0:00:00] Porz2-003 received Ill MvData=17.
e7-a3 (840cs)} a5 {[%emt 0:00:17] Porz2-003 kibitzing!?} 11. Qa4 {[%emt
0:01:19]} Qxd4 {[%emt 0:00:26]} 12. Be3 {[%emt 0:00:02] Porz2-003 received Ill
MvData=21. d8-d4 (2564cs)} Qd6 {[%emt 0:00:15] Porz2-003 kibitzing!?} 13. Qxc4
{[%emt 0:01:59]} Ba6 {[%emt 0:00:27]} 14. Qc2 { [%emt 0:00:03] Porz2-003
received Ill MvData=25. c8-a6 (2706cs)} Rfd8 {[%emt 0:00:22] Porz2-003
kibitzing!?} 15. Bxc6 {[%emt 0:00:17]} Bxe2 {[%emt 0:00:46] Porz2-003
kibitzing!?} 16. Rfe1 {[%emt 0:01:00]} Bd3 {[%emt 0:01:01]} 17. Qc3 { [%emt
0:00:02] Porz2-003 received Ill MvData=31. e2-d3 (6084cs)} Nd5 {[%emt 0:00:46]
Porz2-003 kibitzing!?} 18. Qc5 {[%emt 0:01:12]} Qxc5 {[%emt 0:00:32]} 19. Bxc5
{[%emt 0:00:00]} Rab8 {[%emt 0:00:01] Porz2-003 received Ill MvData=35. d6-c5
(3194cs) Porz2-003 kibitzing!?} 20. Rad1 {[%emt 0:00:44]} Bc4 {[%emt 0:00:22]
Porz2-003 kibitzing!?} 21. Rd2 {[%emt 0:00:24]} Nb6 {[%emt 0:00:19] Porz2-003
kibitzing!?} 22. Red1 {[%emt 0:00:16]} Rxd2 {[%emt 0:00:04]} 23. Rxd2 {[%emt
0:00:00] Porz2-003 received Ill MvData=43. d8-d2 (399cs)} Nd5 { [%emt 0:01:05]
Porz2-003 kibitzing!?} 24. f4 {[%emt 0:00:30]} Rb1+ {[%emt 0:00:31]} 25. Kg2
{[%emt 0:00:01] Porz2-003 received Ill MvData=47. b8-b1 (3059cs)} Ra1 {[%emt
0:00:19] Porz2-003 kibitzing!?} 26. Kf3 {[%emt 0:00:30]} Rxa2 { [%emt 0:00:08]}
27. Rd4 {[%emt 0:00:01] Porz2-003 received Ill MvData=51. a1-a2 (814cs)} Be2+
{[%emt 0:00:10]} 28. Ke4 {[%emt 0:00:01] Porz2-003 received Ill MvData=53.
c4-e2 (1041cs)} Rc2 {[%emt 0:00:33] Porz2-003 kibitzing!?} 29. Bxd5 {[%emt
0:00:15]} Rxc5 {[%emt 0:00:11] Porz2-003 kibitzing!?} 30. Bc4 {[%emt 0:00:07]}
Rxc4 {[%emt 0:00:03] Porz2-003 kibitzing!?} 0-1

[Event "DSJ Weihnachtsturnier U20 2020"]
[Site "https://play.chessbase.com/en/play?room=DSJWeihnachtU20"]
[Date "2020.12.29"]
[Round "7"]
[White "Kilinc, Can"]
[Black "Perkampus, Laurin"]
[Result "0-1"]
[Termination "normal"]
[Board "3.4"]
[WhiteElo "1932"]
[BlackElo "1920"]
[WhiteTeam "TSV Schönaich"]
[BlackTeam "Schachgemeinschaft Porz 2"]
[PlyCount "110"]
[WhiteFideId "16215117"]
[BlackFideId "16232283"]
[EventRounds "7"]
[EventType "team-swiss"]
[EventDate "2020.12.29"]

1. e4 {[%emt 0:00:21]} c6 {[%emt 0:00:03]} 2. Nc3 {[%emt 0:00:06]} d5 {[%emt
0:00:01]} 3. Nf3 {[%emt 0:00:01]} dxe4 {[%emt 0:00:01]} 4. Nxe4 {[%emt
0:00:00]} Nf6 {[%emt 0:00:01]} 5. Qe2 {[%emt 0:00:02]} Nxe4 {[%emt 0:00:01]} 6.
Qxe4 { [%emt 0:00:00]} Qa5 {[%emt 0:00:01]} 7. Bc4 {[%emt 0:00:14]} Bf5 {[%emt
0:00:05]} 8. Qf4 {[%emt 0:00:45]} e6 {[%emt 0:00:02]} 9. O-O {[%emt 0:00:07]}
Be7 { [%emt 0:00:07]} 10. d3 {[%emt 0:00:14]} O-O {[%emt 0:00:04]} 11. Bd2
{[%emt 0:00:03]} Qd8 {[%emt 0:00:09]} 12. Rfe1 {[%emt 0:00:30]} Nd7 {[%emt
0:00:06]} 13. Rad1 {[%emt 0:00:26]} Nb6 {[%emt 0:00:12]} 14. Bb3 {[%emt
0:00:15]} Nd5 { [%emt 0:00:11]} 15. Bxd5 {[%emt 0:00:16]} cxd5 {[%emt 0:00:18]}
16. Bc3 { [%emt 0:00:06] Schoenai004 reconnected.} Bf6 {[%emt 0:00:09]
Schoenai004 reconnected.} 17. Bxf6 {[%emt 0:01:00]} Qxf6 {[%emt 0:00:00]} 18.
Qe5 {[%emt 0:00:20]} Qxe5 {[%emt 0:00:21]} 19. Nxe5 {[%emt 0:00:00]} Rfc8
{[%emt 0:00:12]} 20. c3 {[%emt 0:00:07]} h5 {[%emt 0:00:43]} 21. a4 {[%emt
0:00:25]} Rab8 { [%emt 0:00:59]} 22. h3 {[%emt 0:00:03]} b5 {[%emt 0:00:10]}
23. a5 {[%emt 0:00:54]} b4 {[%emt 0:00:44]} 24. g4 {[%emt 0:00:15]} hxg4 {[%emt
0:00:20]} 25. hxg4 {[%emt 0:00:00]} Bh7 {[%emt 0:00:19]} 26. c4 {[%emt
0:00:21]} f6 {[%emt 0:00:10]} 27. Nf3 {[%emt 0:00:46]} dxc4 {[%emt 0:00:03]}
28. dxc4 {[%emt 0:00:14]} Rxc4 {[%emt 0:00:00]} 29. Rxe6 {[%emt 0:00:04]} Rxg4+
{[%emt 0:00:09]} 30. Kf1 {[%emt 0:00:06]} Kf7 {[%emt 0:00:23]} 31. Red6 {[%emt
0:00:12]} Bf5 {[%emt 0:00:17]} 32. Nd4 {[%emt 0:00:13]} Kg6 {[%emt 0:00:25]}
33. Nc6 {[%emt 0:00:22]} Re8 {[%emt 0:00:50]} 34. Nxa7 {[%emt 0:00:03]} Rh4
{[%emt 0:00:04]} 35. Nc6 { [%emt 0:00:21]} Bh3+ {[%emt 0:00:48]} 36. Kg1 {[%emt
0:00:03]} Rg4+ {[%emt 0:00:01]} 37. Kh2 {[%emt 0:00:04]} Rh8 {[%emt 0:00:05]}
38. Ne5+ {[%emt 0:00:08]} Kf5 {[%emt 0:00:39]} 39. Nxg4 {[%emt 0:00:53]} Bxg4+
{[%emt 0:00:00]} 40. Kg2 { [%emt 0:00:04]} Bxd1 {[%emt 0:00:08]} 41. Rxd1
{[%emt 0:00:00]} Ra8 {[%emt 0:00:09]} 42. Ra1 {[%emt 0:00:06]} Ke4 {[%emt
0:00:09]} 43. Ra4 {[%emt 0:00:07]} Kd5 {[%emt 0:00:03]} 44. a6 {[%emt 0:00:27]}
Kc5 {[%emt 0:00:05]} 45. a7 { [%emt 0:00:01]} Kc4 {[%emt 0:00:17]} 46. Kf3
{[%emt 0:00:15]} Kb3 {[%emt 0:00:03]} 47. Ra6 {[%emt 0:00:03]} Kxb2 {[%emt
0:00:02]} 48. Rb6 {[%emt 0:00:05]} b3 {[%emt 0:00:13]} 49. Rb7 {[%emt 0:00:02]}
Ka2 {[%emt 0:00:04]} 50. Ke4 { [%emt 0:00:08]} b2 {[%emt 0:00:01]} 51. Rb8
{[%emt 0:00:02]} Rxa7 {[%emt 0:00:16]} 52. Kf5 {[%emt 0:00:02]} b1=Q+ {[%emt
0:00:04]} 53. Rxb1 {[%emt 0:00:00]} Kxb1 {[%emt 0:00:00]} 54. f4 {[%emt
0:00:01]} Kc2 {[%emt 0:00:01]} 55. Kg4 { [%emt 0:00:01]} Kd3 {[%emt 0:00:01]}
0-1

[Event "DSJ Weihnachtsturnier U20 2020"]
[Site "https://play.chessbase.com/en/play?room=DSJWeihnachtU20"]
[Date "2020.12.29"]
[Round "7"]
[White "Engel, Luis"]
[Black "Martin, Julian"]
[Result "1-0"]
[Termination "normal"]
[Board "4.1"]
[WhiteTitle "GM"]
[BlackTitle "IM"]
[WhiteElo "2553"]
[BlackElo "2387"]
[WhiteTeam "Hamburger SK von 1830"]
[BlackTeam "OSG Baden-Baden"]
[PlyCount "37"]
[WhiteFideId "12961523"]
[BlackFideId "12941000"]
[EventRounds "7"]
[EventType "team-swiss"]
[EventDate "2020.12.29"]

1. e4 {[%emt 0:00:02]} c5 {[%emt 0:00:21]} 2. Nf3 {[%emt 0:00:02]} Nc6 { [%emt
0:00:03]} 3. Bb5 {[%emt 0:00:02]} g6 {[%emt 0:00:01]} 4. Bxc6 {[%emt 0:00:01]}
bxc6 {[%emt 0:00:01]} 5. O-O {[%emt 0:00:01]} Bg7 {[%emt 0:00:01]} 6. Re1
{[%emt 0:00:01]} Nh6 {[%emt 0:00:01]} 7. c3 {[%emt 0:00:02]} O-O {[%emt
0:00:01]} 8. h3 {[%emt 0:00:02]} f5 {[%emt 0:00:01]} 9. e5 {[%emt 0:00:03]} Nf7
{ [%emt 0:00:03]} 10. d3 {[%emt 0:00:06]} h6 {[%emt 0:00:07]} 11. h4 {[%emt
0:00:07]} d6 {[%emt 0:00:30]} 12. Bf4 {[%emt 0:00:22]} e6 {[%emt 0:00:44]} 13.
Qd2 { [%emt 0:01:36]} dxe5 {[%emt 0:00:18]} 14. Nxe5 {[%emt 0:00:02]} Nxe5
{[%emt 0:00:02]} 15. Bxe5 {[%emt 0:00:02]} Qxh4 {[%emt 0:00:05]} 16. Na3 {[%emt
0:00:18] } Rd8 {[%emt 0:00:04]} 17. Bxg7 {[%emt 0:00:11]} Kxg7 {[%emt 0:00:02]}
18. Qe3 {[%emt 0:00:01]} Rb8 {[%emt 0:00:14]} 19. Qe5+ {[%emt 0:00:09]
Baden1-001 gibt auf} 1-0